Short Term Memory Test - US States - Statistics

General Stats
  • This quiz has been taken 1,001 times
  • The average score is 8 of 10
Answer Stats
State % Correct
Texas
86%
Nebraska
85%
South Carolina
85%
California
83%
Illinois
83%
Maine
83%
Mississippi
83%
Ohio
83%
Alabama
81%
Hawaii
81%
New Jersey
80%
North Carolina
80%
Alaska
79%
New York
79%
Washington
79%
Massachusetts
78%
Minnesota
78%
New Hampshire
78%
Arizona
77%
Idaho
77%
Oregon
77%
Delaware
76%
Iowa
76%
Kansas
76%
Kentucky
76%
Missouri
76%
South Dakota
76%
West Virginia
76%
Florida
75%
Louisiana
75%
Vermont
75%
Colorado
74%
Connecticut
74%
Indiana
74%
Maryland
74%
New Mexico
74%
Tennessee
74%
Wyoming
74%
Arkansas
73%
North Dakota
73%
Utah
73%
Georgia
72%
Oklahoma
71%
Pennsylvania
71%
Rhode Island
71%
Michigan
70%
Montana
70%
Wisconsin
70%
Virginia
69%
Nevada
66%
No matching quizzes found
Score Distribution
Percent of People with Each Score
Percentile by Number Answered
Your Score History
You have not taken this quiz